000 01028nam a22002177a 4500
003 OSt
005 20260512120546.0
008 260512b |||||||| |||| 00| 0 eng d
020 _a9781787556911
040 _aKenya National Library Service
082 _a821.1 CHA
100 _aChaucer, Geoffrey
_eauthor
245 _aCanterbury (great work that shapes our world) /
_cGeoffrey Chaucer
300 _a575 pages ;
_c25 cm
520 _aChaucer's finest work begins at the Tabard Inn, where thirty travelers of widely varying classes and occupations are gathering to make the annual pilgrimage to Becket's shrine at Canterbury. It is agreed that each traveler will tell four tales to help pass the time during their long journey, and that the host of the inn will reward the best storyteller with a free supper upon their return.
650 _aTales Medieval
650 _aEnglish poetry
_vMiddle English
_y1100-1500
942 _2ddc
_cBK
_n0
999 _c492711
_d492711